[Event "Bangalore op 1st"]
[Site "Bangalore"]
[Date "2024.01.26"]
[Round "10"]
[White "Nguyen, Duc Hoa"]
[Black "Rajarishi, Karthi"]
[Result "1-0"]
[WhiteElo "2322"]
[BlackElo "2183"]
[PlyCount "45"]
[EventDate "2024.01.18"]
[EventType "swiss"]
[EventRounds "10"]
[EventCountry "IND"]
[SourceTitle "CB05_2024"]
[SourceDate "2024.01.31"]
[SourceVersion "1"]
[SourceVersionDate "2024.01.31"]
[SourceQuality "1"]

1. e4 e6 2. Qe2 c5 3. g3 Nc6 4. Bg2 b6 5. Nf3 Bb7 6. 0-0 d6 7. Rd1 Be7 8. d4 cxd4 9. Nxd4 Nxd4 10. Rxd4 Qc7 11. Nc3 a6 12. Be3 Rc8 13. Rb4 b5 14. a4 d5 15. Rb3 b4 16. exd5 bxc3 17. d6 cxb2 18. Rxb2 Bxd6 19. Rxb7 Qa5 20. Qd3 Qd8 21. Qxa6 Bc7 22. Qb5+ Kf8 23. a5 1-0

[Event "Titled Tuesday intern op 29th Aug Early"]
[Site "Chess.com INT"]
[Date "2023.08.29"]
[Round "7"]
[White "Omelja, Artem"]
[Black "Rajarishi, Karthi"]
[Result "1-0"]
[WhiteElo "2435"]
[BlackElo "2183"]
[PlyCount "55"]
[EventDate "2023.08.29"]
[EventType "swiss (blitz)"]
[EventRounds "11"]
[EventCountry "USA"]
[SourceTitle "EXT 2024"]
[Source "ChessBase"]
[SourceDate "2023.10.10"]
[SourceVersion "1"]
[SourceVersionDate "2023.10.10"]
[SourceQuality "1"]

1. e4 e6 2. d4 d5 3. Nc3 Bb4 4. e5 c5 5. a3 Bxc3+ 6. bxc3 Qc7 7. Nf3 Ne7 8. Bd3 b6 9. 0-0 Ba6 10. Bxa6 Nxa6 11. Qd3 Nb8 12. Bg5 h6 13. Bxe7 Qxe7 14. c4 dxc4 15. Qe4 0-0 16. Qxa8 cxd4 17. Qe4 Rd8 18. Nxd4 Qc5 19. Rfd1 Rd5 20. Nf3 Nc6 21. Rxd5 exd5 22. Qe3 d4 23. Qe4 b5 24. e6 fxe6 25. Qxe6+ Kh7 26. Re1 a5 27. Ne5 Nxe5 28. Qxe5 1-0

[Event "Titled Tuesday intern op 29th Aug Early"]
[Site "Chess.com INT"]
[Date "2023.08.29"]
[Round "10"]
[White "Rajarishi, Karthi"]
[Black "Kleiman, Jake"]
[Result "0-1"]
[WhiteElo "2183"]
[BlackElo "2399"]
[PlyCount "48"]
[EventDate "2023.08.29"]
[EventType "swiss (blitz)"]
[EventRounds "11"]
[EventCountry "USA"]
[SourceTitle "EXT 2024"]
[Source "ChessBase"]
[SourceDate "2023.10.10"]
[SourceVersion "1"]
[SourceVersionDate "2023.10.10"]
[SourceQuality "1"]

1. d4 Nf6 2. c4 e6 3. Nc3 Bb4 4. f3 c5 5. d5 d6 6. e4 b5 7. Bd3 0-0 8. Nge2 exd5 9. cxd5 c4 10. Bc2 Nbd7 11. 0-0 a6 12. Nd4 Bc5 13. Kh1 Ne5 14. f4 Bg4 15. Qd2 Nd3 16. Nc6 Qb6 17. Bxd3 cxd3 18. e5 dxe5 19. fxe5 Nxd5 20. Nxd5 Qxc6 21. Qxd3 Rad8 22. Nf6+ Qxf6 23. exf6 Rxd3 24. fxg7 Kxg7 0-1

[Event "Benidorm op-A"]
[Site "Benidorm"]
[Date "2022.12.10"]
[Round "8"]
[White "Rajarishi, Karthi"]
[Black "Panjer, Sidney"]
[Result "1-0"]
[WhiteElo "2239"]
[BlackElo "2100"]
[PlyCount "109"]
[EventDate "2022.12.03"]
[EventType "swiss"]
[EventRounds "9"]
[EventCountry "ESP"]
[SourceTitle "CBM 211 Extra"]
[Source "ChessBase"]
[SourceDate "2023.01.31"]
[SourceVersion "1"]
[SourceVersionDate "2023.01.31"]
[SourceQuality "1"]

1. d4 Nf6 2. c4 Nc6 3. Nf3 e6 4. Nc3 Bb4 5. Bg5 h6 6. Bh4 g5 7. Bg3 Ne4 8. Qd3 Nxg3 9. hxg3 Qf6 10. e3 e5 11. 0-0-0 Bxc3 12. Qxc3 d6 13. d5 Ne7 14. Rd2 0-0 15. Ne1 c6 16. dxc6 Nxc6 17. f4 Kg7 18. Bd3 Bg4 19. Bc2 Rad8 20. Nd3 Be6 21. Nf2 exf4 22. Qxf6+ Kxf6 23. gxf4 gxf4 24. exf4 Bxc4 25. Rxh6+ Ke7 26. b3 Be6 27. Rh1 d5 28. Re1 Kd6 29. Red1 Kc5 30. Kb2 Rg8 31. f5 Bc8 32. g4 a5 33. Bd3 Rge8 34. Bf1 Re3 35. Bg2 d4 36. Ne4+ Kb6 37. Nf6 Rg3 38. Bxc6 Kxc6 39. Rxd4 Rg2+ 40. Kc3 Rxd4 41. Kxd4 b5 42. Rc1+ Kb7 43. a4 bxa4 44. bxa4 Rb2 45. Nd5 Rg2 46. Ne3 Ra2 47. Nc4 Rxa4 48. Ke5 Bd7 49. Nd6+ Kb6 50. g5 Ra2 51. Nxf7 Rf2 52. Nd6 a4 53. g6 Rg2 54. Kf6 a3 55. Nc4+ 1-0

[Event "Titled Tuesday intern op 13th Sep Early"]
[Site "Chess.com INT"]
[Date "2022.09.13"]
[Round "10"]
[White "Rajarishi, Karthi"]
[Black "Djokic, Mihailo"]
[Result "0-1"]
[WhiteElo "2239"]
[BlackElo "2197"]
[PlyCount "70"]
[EventDate "2022.09.13"]
[EventType "swiss (blitz)"]
[EventRounds "11"]
[EventCountry "USA"]
[SourceTitle "EXT 2023"]
[Source "ChessBase"]
[SourceDate "2022.10.05"]
[SourceVersion "1"]
[SourceVersionDate "2022.10.05"]
[SourceQuality "1"]

1. d4 Nf6 2. c4 g6 3. Nc3 d6 4. e4 Bg7 5. f3 0-0 6. Be3 Nc6 7. Qd2 a6 8. Nge2 Rb8 9. 0-0-0 b5 10. g4 Na5 11. Ng3 bxc4 12. h4 c6 13. h5 Qb6 14. Qh2 Bxg4 15. hxg6 Bxf3 16. Nf5 fxg6 17. Nxg7 Bxh1 18. Bh3 Kxg7 19. Rxh1 h5 20. Be6 Rh8 21. Rg1 Ng4 22. Bxg4 hxg4 23. Qe2 Rh3 24. Na4 Rxe3 25. Qxe3 Qb5 26. Rxg4 c3 27. Qxc3 Qf1+ 28. Kd2 Nc4+ 29. Kc2 Qe2+ 30. Kc1 Qxg4 31. Qxc4 Qxe4 32. Nc3 Qh1+ 33. Kc2 Qg2+ 34. Kd3 Qf1+ 35. Ne2 Rxb2 0-1

[Event "Titled Tuesday intern op 13th Sep Early"]
[Site "Chess.com INT"]
[Date "2022.09.13"]
[Round "4"]
[White "Rajarishi, Karthi"]
[Black "Kim, Sergey2222"]
[Result "1-0"]
[WhiteElo "2239"]
[BlackElo "2295"]
[PlyCount "101"]
[EventDate "2022.09.13"]
[EventType "swiss (blitz)"]
[EventRounds "11"]
[EventCountry "USA"]
[SourceTitle "EXT 2023"]
[Source "ChessBase"]
[SourceDate "2022.10.05"]
[SourceVersion "1"]
[SourceVersionDate "2022.10.05"]
[SourceQuality "1"]

1. d4 Nf6 2. c4 g6 3. Nc3 Bg7 4. e4 d6 5. f3 0-0 6. Be3 Nc6 7. Qd2 a6 8. 0-0-0 b5 9. Nge2 bxc4 10. g4 h5 11. gxh5 Nxh5 12. Ng3 Nf6 13. h4 e5 14. d5 Nd4 15. h5 Nxf3 16. Qf2 Nd4 17. h6 Ng4 18. hxg7 Nxf2 19. gxf8Q+ Qxf8 20. Bxf2 Bg4 21. Be2 Qe7 22. Be3 Nxe2+ 23. Ngxe2 f6 24. Rdg1 Bxe2 25. Rxg6+ Kf7 26. Rh7+ Kxg6 27. Rxe7 Bd3 28. Rxc7 Rh8 29. b3 Rh2 30. Bd2 Rh1+ 31. Kb2 Rh2 32. Kc1 Rh1+ 33. Kb2 Rh2 34. bxc4 a5 35. c5 dxc5 36. d6 Bb5 37. Nxb5 Rxd2+ 38. Kc3 Rd1 39. Kc4 f5 40. exf5+ Kxf5 41. Kxc5 Ke6 42. Re7+ Kf6 43. Nc7 Rc1+ 44. Kb6 Rb1+ 45. Kc6 Rc1+ 46. Kd7 Rd1 47. Re6+ Kf5 48. Nb5 e4 49. Rxe4 Kxe4 50. Nc3+ Ke5 51. Nxd1 1-0

[Event "Titled Tuesday intern op 13th Sep Early"]
[Site "Chess.com INT"]
[Date "2022.09.13"]
[Round "6"]
[White "Rajarishi, Karthi"]
[Black "Korelskiy, Egor"]
[Result "0-1"]
[WhiteElo "2239"]
[BlackElo "2156"]
[PlyCount "64"]
[EventDate "2022.09.13"]
[EventType "swiss (blitz)"]
[EventRounds "11"]
[EventCountry "USA"]
[SourceTitle "EXT 2023"]
[Source "ChessBase"]
[SourceDate "2022.10.05"]
[SourceVersion "1"]
[SourceVersionDate "2022.10.05"]
[SourceQuality "1"]

1. d4 d5 2. c4 e6 3. Nc3 c6 4. Nf3 dxc4 5. a4 Bb4 6. e4 b5 7. Be2 Bb7 8. 0-0 a6 9. Qc2 Nd7 10. e5 Ne7 11. Bg5 0-0 12. Rad1 h6 13. Bh4 Qe8 14. Nd2 Nf5 15. Nf3 c5 16. Ne4 cxd4 17. Rxd4 Nxd4 18. Nxd4 Nxe5 19. f4 Ng6 20. Bg3 f5 21. Nd2 Bc5 22. N2f3 Bxf3 23. Bxf3 Bxd4+ 24. Kh1 Rd8 25. h4 Ne7 26. Re1 Nd5 27. Qd2 Bc5 28. Qc1 Qf7 29. b3 c3 30. axb5 axb5 31. Bxd5 Rxd5 32. Qxc3 Rfd8 0-1

[Event "Titled Tuesday intern op 13th Sep Early"]
[Site "Chess.com INT"]
[Date "2022.09.13"]
[Round "3"]
[White "Rajarishi, Karthi"]
[Black "Solon, Nathan"]
[Result "0-1"]
[WhiteElo "2239"]
[BlackElo "2306"]
[PlyCount "98"]
[EventDate "2022.09.13"]
[EventType "swiss (blitz)"]
[EventRounds "11"]
[EventCountry "USA"]
[SourceTitle "EXT 2023"]
[Source "ChessBase"]
[SourceDate "2022.10.05"]
[SourceVersion "1"]
[SourceVersionDate "2022.10.05"]
[SourceQuality "1"]

1. d4 d5 2. c4 e6 3. Nc3 c5 4. Nf3 cxd4 5. Nxd4 e5 6. Nf3 d4 7. Ne4 Nf6 8. Nxf6+ Qxf6 9. e3 Nc6 10. exd4 exd4 11. Be2 Bc5 12. 0-0 0-0 13. Bg5 Qg6 14. Bd3 Qh5 15. Bf4 Bg4 16. Be4 Rfe8 17. Bd5 Rad8 18. h3 Be6 19. Bxe6 Rxe6 20. a3 a5 21. Qd3 Qg6 22. Rad1 Re4 23. Bg3 Rde8 24. Nd2 Re2 25. Nb3 Ba7 26. c5 Rxb2 27. Nxd4 Qxd3 28. Rxd3 Nxd4 29. Rxd4 Bxc5 30. Rd5 b6 31. Rfd1 h6 32. a4 Ree2 33. Rf5 Rbd2 34. Rb1 Ra2 35. Rd1 Rad2 36. Rb1 Ra2 37. Rd1 Rxa4 38. Rd8+ Kh7 39. Rxf7 Ra1+ 40. Kh2 Ree1 41. Bc7 Rad1 42. Rb8 Rh1+ 43. Kg3 Rb1 44. Rb7 Rhd1 45. Bf4 Rd3+ 46. f3 Bd4 47. Rbd7 Rbd1 48. Kg4 Bc5 49. Rb7 Bd4 0-1

[Event "Budapest FS02 IM"]
[Site "Budapest"]
[Date "2022.02.15"]
[Round "9"]
[White "Rajarishi, Karthi"]
[Black "Nemeth, Zoltan"]
[Result "1/2-1/2"]
[WhiteElo "2256"]
[BlackElo "2265"]
[PlyCount "119"]
[EventDate "2022.02.05"]
[EventType "tourn"]
[EventRounds "9"]
[EventCountry "HUN"]
[EventCategory "1"]
[SourceTitle "CBM 206 Extra"]
[Source "ChessBase"]
[SourceDate "2022.03.31"]
[SourceVersion "1"]
[SourceVersionDate "2022.03.31"]
[SourceQuality "1"]

1. d4 d6 2. e4 e5 3. Ne2 Be7 4. c4 c5 5. d5 Bg5 6. Nbc3 Bxc1 7. Qxc1 f5 8. exf5 Bxf5 9. Ng3 Nh6 10. Nxf5 Nxf5 11. Bd3 0-0 12. 0-0 Nd7 13. Ne4 Qe7 14. Ng5 g6 15. Ne6 Rf6 16. Bxf5 Rxf5 17. f4 Nf8 18. fxe5 Rxf1+ 19. Qxf1 Nxe6 20. exd6 Qxd6 21. Qf6 Rf8 22. Qxe6+ Qxe6 23. dxe6 Re8 24. Re1 Kg7 25. Kf2 Kf6 26. Kf3 Ke7 27. Re5 b6 28. Re4 Rd8 29. Ke2 Rd6 30. b3 Rc6 31. Kf3 Rd6 32. Re2 Rd4 33. g3 a5 34. a4 Rd3+ 35. Re3 Rd2 36. h3 h6 37. Kf4 Rf2+ 38. Kg4 Rf5 39. h4 h5+ 40. Kh3 Rf2 41. g4 Rf4 42. gxh5 gxh5 43. Kg3 Rg4+ 44. Kh3 Rg6 45. Re5 Rxe6 46. Rxh5 Re3+ 47. Kg4 Rxb3 48. Kf5 Rb4 49. Ke5 Rxc4 50. Rh7+ Ke8 51. Rb7 Rxa4 52. Rxb6 Rxh4 53. Kd5 Rh5+ 54. Kc4 Kd7 55. Ra6 a4 56. Rxa4 Rh4+ 57. Kb5 Rxa4 58. Kxa4 Kc6 59. Kb3 Kd5 60. Kc3 1/2-1/2

[Event "Budapest FS02 IM"]
[Site "Budapest"]
[Date "2022.02.11"]
[Round "6"]
[White "Aslanov, Umid Fuad"]
[Black "Rajarishi, Karthi"]
[Result "1-0"]
[WhiteElo "2187"]
[BlackElo "2256"]
[PlyCount "81"]
[EventDate "2022.02.05"]
[EventType "tourn"]
[EventRounds "9"]
[EventCountry "HUN"]
[EventCategory "1"]
[SourceTitle "CBM 206 Extra"]
[Source "ChessBase"]
[SourceDate "2022.03.31"]
[SourceVersion "1"]
[SourceVersionDate "2022.03.31"]
[SourceQuality "1"]

1. e4 e6 2. d4 d5 3. Nd2 Be7 4. Bd3 c5 5. dxc5 Nf6 6. Qe2 a5 7. Ngf3 0-0 8. c3 Na6 9. e5 Nd7 10. h4 h6 11. Nb3 a4 12. Nbd4 Naxc5 13. Bc2 b6 14. Bf4 Ba6 15. Qe3 Qc7 16. Rh3 Ne4 17. Nd2 Ndc5 18. f3 Nxd2 19. Kxd2 Nd7 20. Rah1 Rfc8 21. Rg3 Bf8 22. Re1 a3 23. b4 Kh8 24. b5 Bb7 25. Qd3 g6 26. h5 Nc5 27. Qe3 Na4 28. hxg6 Qxc3+ 29. Qxc3 Nxc3 30. Rh1 Rc4 31. Bxh6 Rxd4+ 32. Kxc3 Rc4+ 33. Kd3 Bxh6 34. Rxh6+ Kg7 35. Rh7+ Kg8 36. Kd2 Rxc2+ 37. Kxc2 d4 38. Rgh3 Rc8+ 39. Kd3 Rc3+ 40. Kxd4 Rc2 41. gxf7+ 1-0

[Event "Budapest FS02 IM"]
[Site "Budapest"]
[Date "2022.02.09"]
[Round "5"]
[White "Rajarishi, Karthi"]
[Black "Karacsonyi, Kata"]
[Result "1-0"]
[WhiteElo "2256"]
[BlackElo "2095"]
[PlyCount "61"]
[EventDate "2022.02.05"]
[EventType "tourn"]
[EventRounds "9"]
[EventCountry "HUN"]
[EventCategory "1"]
[SourceTitle "CBM 206 Extra"]
[Source "ChessBase"]
[SourceDate "2022.03.31"]
[SourceVersion "1"]
[SourceVersionDate "2022.03.31"]
[SourceQuality "1"]

1. d4 Nf6 2. c4 e6 3. Nc3 Bb4 4. f3 c5 5. a3 Bxc3+ 6. bxc3 Nc6 7. e4 d6 8. Be3 b6 9. Bd3 Na5 10. Ne2 Ba6 11. Ng3 Qc7 12. d5 Nd7 13. 0-0 Ne5 14. Be2 Nexc4 15. Bf4 e5 16. Bc1 0-0 17. Bd3 b5 18. Ra2 Rab8 19. f4 b4 20. axb4 cxb4 21. cxb4 Rxb4 22. fxe5 Qb6+ 23. Kh1 dxe5 24. Nf5 Bc8 25. Ne7+ Kh8 26. Qh5 Qc5 27. Bg5 Rb2 28. Rxf7 Re8 29. Rxg7 Bf5 30. Rxh7+ Bxh7 31. Bf6# 1-0

[Event "Budapest Vezerkepzo IM Winter"]
[Site "Budapest"]
[Date "2022.02.03"]
[Round "9"]
[White "Krivenko, Dion"]
[Black "Rajarishi, Karthi"]
[Result "1/2-1/2"]
[WhiteElo "2061"]
[BlackElo "2230"]
[PlyCount "37"]
[EventDate "2022.01.25"]
[EventType "tourn"]
[EventRounds "9"]
[EventCountry "HUN"]
[SourceTitle "CBM 206 Extra"]
[Source "ChessBase"]
[SourceDate "2022.03.31"]
[SourceVersion "1"]
[SourceVersionDate "2022.03.31"]
[SourceQuality "1"]

1. e4 e6 2. d3 d5 3. Nd2 Nf6 4. Ngf3 Bc5 5. e5 Nfd7 6. d4 Be7 7. Bd3 c5 8. c3 b6 9. 0-0 Ba6 10. Bxa6 Nxa6 11. Ne1 0-0 12. Qg4 Nc7 13. Ndf3 f6 14. exf6 Nxf6 15. Qh3 Bd6 16. Nd3 Qe8 17. Nde5 Qh5 18. Qxh5 Nxh5 19. Re1 1/2-1/2

[Event "Budapest Vezerkepzo IM Winter"]
[Site "Budapest"]
[Date "2022.01.28"]
[Round "4"]
[White "Rajarishi, Karthi"]
[Black "Balla, Tamas Kristof"]
[Result "1/2-1/2"]
[WhiteElo "2230"]
[BlackElo "2330"]
[PlyCount "20"]
[EventDate "2022.01.25"]
[EventType "tourn"]
[EventRounds "9"]
[EventCountry "HUN"]
[SourceTitle "CBM 206 Extra"]
[Source "ChessBase"]
[SourceDate "2022.03.31"]
[SourceVersion "1"]
[SourceVersionDate "2022.03.31"]
[SourceQuality "1"]

1. d4 d5 2. c4 e6 3. Nc3 Nf6 4. Nf3 Bb4 5. Bg5 h6 6. Bh4 0-0 7. e3 dxc4 8. Bxc4 c5 9. 0-0 cxd4 10. Qxd4 Qxd4 1/2-1/2

[Event "Roquetas de Mar op 33rd"]
[Site "Roquetas de Mar"]
[Date "2022.01.05"]
[Round "3"]
[White "Rajarishi, Karthi"]
[Black "Espinosa Aranda, Angel"]
[Result "1/2-1/2"]
[WhiteElo "2230"]
[BlackElo "2467"]
[PlyCount "65"]
[EventDate "2022.01.04"]
[EventType "swiss"]
[EventRounds "9"]
[EventCountry "ESP"]
[SourceTitle "EXT 2023"]
[Source "ChessBase"]
[SourceDate "2022.10.05"]
[SourceVersion "1"]
[SourceVersionDate "2022.10.05"]
[SourceQuality "1"]

1. d4 Nf6 2. c4 g6 3. Nc3 Bg7 4. e4 d6 5. f3 0-0 6. Be3 b6 7. Qd2 c5 8. Nge2 Ba6 9. b3 e6 10. Rd1 Nc6 11. d5 exd5 12. cxd5 Ne5 13. Ng3 Bxf1 14. Rxf1 a6 15. Kf2 b5 16. Kg1 Qa5 17. h3 c4 18. Bd4 Nd3 19. bxc4 bxc4 20. Nce2 Qxd2 21. Rxd2 Rab8 22. Rfd1 Rfc8 23. Nf1 Nd7 24. Ne3 Bh6 25. Kf1 N7e5 26. Nc3 Rb7 27. Rc2 Bg5 28. Ke2 Nf4+ 29. Kf1 Nfd3 30. Ke2 Nf4+ 31. Kf1 Nfd3 32. Ke2 Nf4+ 33. Kf1 1/2-1/2

[Event "Roquetas de Mar op 31st"]
[Site "Roquetas de Mar"]
[Date "2020.01.07"]
[Round "9"]
[White "Sivuk, Vitaly"]
[Black "Rajarishi, Karthi"]
[Result "1-0"]
[WhiteElo "2579"]
[BlackElo "2103"]
[PlyCount "121"]
[EventDate "2020.01.02"]
[EventType "swiss"]
[EventRounds "9"]
[EventCountry "ESP"]
[SourceTitle "CBM 194 Extra"]
[Source "ChessBase"]
[SourceDate "2020.03.31"]
[SourceVersion "1"]
[SourceVersionDate "2020.03.31"]
[SourceQuality "1"]

1. d4 d5 2. c4 e6 3. Nc3 Nf6 4. cxd5 exd5 5. Bg5 Be7 6. e3 c6 7. Bd3 0-0 8. Qc2 Nbd7 9. Nge2 Re8 10. f3 h6 11. Bh4 c5 12. 0-0 cxd4 13. Nxd4 Nc5 14. Bb5 Bd7 15. Rfd1 Bxb5 16. Ndxb5 Qb6 17. a4 Ncd7 18. a5 Qc5 19. Qb3 a6 20. Nd4 Qb4 21. Ra4 Qxb3 22. Nxb3 Rac8 23. Nxd5 Nxd5 24. Rxd5 Bxh4 25. Rxh4 Rxe3 26. Rb4 Rc2 27. Nd2 Ne5 28. Re4 Rxe4 29. Nxe4 Nc6 30. b3 Rb2 31. Nc5 Nxa5 32. Rd8+ Kh7 33. Rd7 Kg6 34. h4 h5 35. Kh2 Rc2 36. Rd6+ f6 37. Rd5 b6 38. Ne6 Nxb3 39. Nf4+ Kh7 40. Rxh5+ Kg8 41. Rd5 Rd2 42. Rh5 Nd4 43. Kh3 a5 44. Rd5 a4 45. Rd8+ Kf7 46. Rd7+ Kg8 47. Ne6 Nb3 48. Rxg7+ Kh8 49. Ra7 Na5 50. h5 a3 51. Nf4 Rd1 52. Kh2 Nc6 53. Rxa3 Kg7 54. Rb3 Ne7 55. Rxb6 Nf5 56. g4 Ne3 57. Re6 Rd2+ 58. Kh3 Nc4 59. Re7+ Kh6 60. Kg3 Ne5 61. Ng2 1-0